Score 0/18 Timer 03:00
1 Play Today
Movie Title Missing Word % Correct
Gone in ____ SecondsSixty
96.3%
Mr. & Mrs. ____Smith
94.2%
Kung Fu ____Panda
89.2%
The ____ CollectorBone
72.4%
The ____ ShepherdGood
70.1%
Life or ____ Like ItSomething
68.8%
Girl, ____Interrupted
64.2%
Maleficent: Mistress of ____Evil
54.5%
Sky Captain and the World of ____Tomorrow
46.1%
Movie Title Missing Word % Correct
Original ____Sin
43.6%
Lara Croft Tomb Raider: The ____ of LifeCradle
35.2%
A Mighty ____Heart
26.1%
____ TinPushing
24.1%
____ BordersBeyond
12.4%
____ LivesTaking
11.9%
Playing ____God
9%
____ by HeartPlaying
6.8%
Without ____Evidence
1.9%

Today's Daily Dose

Missing Word
'D' in Video Games

Word Ladder
Lent Begins

Get the Picture
Antz or A Bug's Life?

You're not logged in!

Compare scores with friends on all Sporcle quizzes.
OR
Log In

Sporcle TV

Today on Sporcle TV


Watch our educational content, quiz creation guides, and fun videos on Sporcle TV.

Show Comments

Extras

Top Quizzes Today


Score Distribution

Paid Content

Your Account Isn't Verified!

In order to create a playlist on Sporcle, you need to verify the email address you used during registration. Go to your Sporcle Settings to finish the process.

Report this User

Report this user for behavior that violates our Community Guidelines.

Details: